Gravity’s arc : The story of gravity, from Aristotle to Einstein and beyond
This book recaps man's age-old quest to understand gravity, from Aristotle's ideas about objects falling to their "natural place" through Galileo, Newton, and Einstein. It explores some of the problems facing our current understanding of how gravity works, including the strange b...
保存先:
| 第一著者: | |
|---|---|
| フォーマット: | 図書 |
| 言語: | Undetermined |
| 出版事項: |
Hoboken, N.J.
J. Wiley
2006
|
| 主題: | |
| タグ: |
タグ追加
タグなし, このレコードへの初めてのタグを付けませんか!
|
| Thư viện lưu trữ: | Trung tâm Học liệu Trường Đại học Cần Thơ |
|---|
| LEADER | 01346nam a2200229Ia 4500 | ||
|---|---|---|---|
| 001 | CTU_164416 | ||
| 008 | 210402s9999 xx 000 0 und d | ||
| 020 | |c 16.63 | ||
| 082 | |a 531.14 | ||
| 082 | |b D221 | ||
| 100 | |a Darling, David J. | ||
| 245 | 0 | |a Gravity’s arc : | |
| 245 | 4 | |b The story of gravity, from Aristotle to Einstein and beyond | |
| 245 | 0 | |c David Darling | |
| 260 | |a Hoboken, N.J. | ||
| 260 | |b J. Wiley | ||
| 260 | |c 2006 | ||
| 520 | |a This book recaps man's age-old quest to understand gravity, from Aristotle's ideas about objects falling to their "natural place" through Galileo, Newton, and Einstein. It explores some of the problems facing our current understanding of how gravity works, including the strange behavior of pendulums during eclipses and the anomalous trajectories of the deep-space Pioneer probes. And it considers possibilities for the future: efforts to detect gravity waves, the discovery of dark energy, and, in decades to come, devising a form of antigravity, achieving "warp drive," and even creating miniature black holes and embryonic universes. | ||
| 650 | |a Gravitation,General relativity (Physics),Trọng lực,Thuyết tương đối | ||
| 650 | |x History,History,Lịch sử,Lịch sử | ||
| 904 | |i Thoa, Hải | ||
| 980 | |a Trung tâm Học liệu Trường Đại học Cần Thơ | ||